Personnages célèbres - Série 40 - Statistiques

Statistiques générales
  • Ce quiz a été pris 184 fois
  • Le résultat moyen est 6 sur 15
Statistiques - réponses
Par images Réponse % Correct
Alexandra Lamy
88%
Jean Pierre Pernaut
85%
Michèle Laroque
77%
Christophe Lambert
63%
Martin Lamotte
54%
Hugh Laurie
50%
Marie Laforêt
42%
Brigitte Lahaie
41%
Samuel Le Bihan
27%
Michael Landon
26%
Burt Lancaster
23%
Bruno Madinier
14%
Carole Laure
13%
Martin Landau
12%
Jessica Lange
10%
Aucun quiz correspondant
Distribution des résultats
% des personnes avec chaque résultat
Percentile par nombre de réponses
Votre historique - résultats
Vous n’avez pas pris ce quiz